000
002480000a22000970004500
100
1
_a
Sahinidou, Ioanna
245
1
0
_a
And finally he arrived in Greece
300
_a
Vol. 49, Num. 1 & 2 (1999), Páginas 56-65
773
0
_t
Reformed World
942
_c
ANA
999
_c
55564
_d
55564